Estatísticas para Hungria

Clique aqui para jogar o quiz

Estatísticas Gerais

  • Esse quiz foi jogado 16 vezes
  • A pontuação média é 11 de 15

Estatísticas das Respostas

HintResposta% Correto
Qual é a sua capital?Budapeste
100%
Onde fica?Europa
100%
Qual é a sua moeda?Florim húngaro
100%
Qual é o seu código ISO?HUN
100%
Qual é o seu idioma?Húngaro
100%
Qual é a sua religião?Cristianismo
79%
Com que país faz fronteira a Norte?Eslováquia
79%
Com que país faz fronteira a Noroeste?Áustria
71%
Com que país faz fronteira a Sudoeste?Croácia
71%
Com que país faz fronteira a Leste?Roménia
71%
Com que país faz fronteira a Oeste?Eslovénia
64%
Com que país faz fronteira a Nordeste?Ucrânia
64%
Com que país faz fronteira a Sul?Sérvia
57%
Qual é o seu prato típico?Goulash
14%
Qual é o ponto mais alto?Kékes
0%

Distribuição das Pontuações

Percentil de Números Respondidos

Porcentagem de Pessoas com Cada Pontuação

Sua Pontuação Histórica

Você não jogou esse quiz